El Voto de los pueblos indígenas no vale una gorra: entrevista con Elizabeth Henríquez, alcandesa de Puerto Cabezas /
Esta es una entrevista en que la alcaldesa de Bilwi revela aspectos relacionados con su elección, sus antecedentes y su gestión actual. Nos habla de su estrategia electoral, de los factores que incidieron para alcanzar el triunfo, de su participación en el movimiento indígena, su experiencia como mu...
Guardat en:
| Autor principal: | |
|---|---|
| Altres autors: | |
| Format: | Text |
| Matèries: | |
| Etiquetes: |
Afegir etiqueta
Sense etiquetes, Sigues el primer a etiquetar aquest registre!
|
MARC
| LEADER | 00000 a a2200000 04500 | ||
|---|---|---|---|
| 001 | 18882 | ||
| 003 | |||
| 040 | |||
| 100 | |a Rivas Gómez, Alvaro | ||
| 245 | |a El Voto de los pueblos indígenas no vale una gorra: entrevista con Elizabeth Henríquez, alcandesa de Puerto Cabezas / |c Alvaro Rivas Gómez ; Elizabeth Henríquez | ||
| 500 | |a Resumen también en inglés 3 | ||
| 520 | |a Esta es una entrevista en que la alcaldesa de Bilwi revela aspectos relacionados con su elección, sus antecedentes y su gestión actual. Nos habla de su estrategia electoral, de los factores que incidieron para alcanzar el triunfo, de su participación en el movimiento indígena, su experiencia como mujer y dirigente y de algunos problemas enfrentados en su gestión edilicia | ||
| 650 | |a ENTREVISTAS | ||
| 650 | |a POBLACION INDIGENA | ||
| 650 | |a MUJERES | ||
| 650 | |a PARTICIPACION POLITICA | ||
| 650 | |a GOBIERNO LOCAL | ||
| 650 | |a POLITICOS | ||
| 650 | |a EJECUCION DE PROYECTOS | ||
| 650 | |a ORGANIZACIONES REGIONALES | ||
| 650 | |a PARTICIPACION POLITICA | ||
| 650 | |a NICARAGUA | ||
| 700 | |a Henríquez, Elizabeth | ||
| 773 | |g número 41; páginas 27-30 | ||
| 999 | |c 40272 |d 40272 | ||
